000 00284nam a22001097a 4500
008 160630b xxu||||| |||| 00| 0 eng d
100 _91526
_aMohindroo, K.K
245 _aPractical Physics - XII
260 _aN.D
_b Pitamber
_c2000
300 _aPractical Physics - XII
942 _2ddc
_cBK
999 _c1265
_d1265